Enciclopedia de la inspección veterinaria y análisis de alimentos / (Record no. 21089)

MARC details
000 -LEADER
campo de control de longitud fija 00603nam a2200169 i 4500
001 - NÚMERO DE CONTROL
campo de control 21089
003 - IDENTIFICADOR DE NÚMERO DE CONTROL
campo de control ES-MaACL
005 - FECHA Y HORA DE LA ÚLTIMA TRANSACCIÓN
campo de control 20230906152420.0
007 - CAMPO FIJO DE DESCRIPCIÓN FÍSICA--INFORMACIÓN GENERAL
campo de control de longitud fija t|
008 - DATOS DE LONGITUD FIJA--INFORMACIÓN GENERAL
campo de control de longitud fija 021121s1980 sp ||||1| spa d
100 1# - ENTRADA PRINCIPAL--NOMBRE DE PERSONA
Nombre de persona Agenjo Cecilia, César.
9 (RLIN) 18548
245 10 - MENCIÓN DEL TÍTULO
Título Enciclopedia de la inspección veterinaria y análisis de alimentos /
Mención de responsabilidad, etc. César Agenjo Cecilia ; con la colaboración de Jorge Massó Sans... [et al.].
260 ## - PUBLICACIÓN, DISTRIBUCIÓN, ETC.
Lugar de publicación, distribución, etc. Madrid :
Nombre del editor, distribuidor, etc. Espasa-Calpe,
Fecha de publicación, distribución, etc. 1980.
300 ## - DESCRIPCIÓN FÍSICA
Extensión XVI, 1313 p., 3 lám. col. :
Otras características físicas il. ;
Dimensiones 28 cm.
700 1# - ENTRADA AGREGADA--NOMBRE PERSONAL
Nombre de persona Massó Sans, Jorge.
9 (RLIN) 78838
852 ## - LOCALIZACIÓN
Ubicación ES-MaACL
Número de control de estantería A-10815
Sublocalización o colección R.100279
Holdings
Estatus retirado Estado de pérdida Estado de daño No para préstamo Colección Biblioteca de origen Biblioteca actual Ubicación en estantería Fecha de adquisición Fuente de adquisición Total de préstamos Signatura topográfica completa Código de barras Visto por última vez Precio de reemplazo Tipo de ítem Koha
        Colección de referencia Biblioteca del Ateneo de Madrid Biblioteca del Ateneo de Madrid Depósito 1 17/01/2008     A-10815 1021662 23/02/2023 23/02/2023 Libro impreso